[Event "RUS-chT Premier League 2018"]
[Site "Sochi"]
[Date "2018.05.03"]
[Round "3"]
[White "Hasangatin, Ramil"]
[Black "Frolov, Ivan"]
[Result "1-0"]
[WhiteElo "2502"]
[BlackElo "2243"]
[Annotator "TA"]
[PlyCount "93"]
[EventDate "2018.??.??"]
[EventCountry "RUS"]
[SourceTitle "playchess.com"]
[Source "ChessBase"]
[SourceQuality "1"]

{[%evp 12,93,7,24,36,20,27,17,35,17,38,27,67,65,82,75,91,83,71,70,75,60,58,45,43,47,50,51,50,50,50,51,50,55,38,38,47,45,67,30,29,22,34,34,34,34,34,34,34,34,118,121,121,122,262,260,253,239,238,233,310,308,310,297,300,288,250,207,249,245,228,216,184,177,480,480,861,817,589,847,791,780,670,636]} 1. Nf3 Nf6 2. g3 c5 3. Bg2 Nc6 4. O-O e5 5. d3 d5 6. e4 dxe4 {A08: King's Indian Attack} (6... d4 7. a4 Be7 8. Na3 O-O 9. Bd2 Ne8 10. Nc4 Qc7 11. Ne1 Be6 12. f4 f6 13. f5 Bf7 14. g4 Nd6 15. b3 {½-½ (51) Zhao,J (2604)-Anand,V (2782) Riadh 2017}) 7. dxe4 {LiveBook: 44 Games} Bg4 8. Nbd2 Qc7 {The position is equal.} 9. c3 Be7 10. Qe2 O-O-O $146 ({Predecessor:} 10... h6 11. a4 O-O 12. Nc4 Be6 13. Nh4 Rfe8 14. Nf5 {½-½ (36) Meertens,M (2154)-Klages,H (2019) Merano 2009}) 11. Nc4 h5 12. Ne3 (12. h3 {seems wilder.} Bxf3 13. Qxf3 h4 14. g4 Kb8 15. a4) 12... Nxe4 13. Nxg4 hxg4 14. Qxe4 gxf3 15. Qxf3 Rdf8 {[%cal Bd8f8,Bf8f6,Bf6d6][%mdl 32]} 16. Qd5 f5 17. Re1 Rf6 18. Bg5 Rd6 19. Qf7 Bf6 20. Qxc7+ Kxc7 21. Bxf6 gxf6 22. Rad1 Rhd8 23. Rxd6 Rxd6 $14 {[%mdl 4096] Endgame KRB-KRN} 24. h4 Ne7 25. Bh3 Kd7 26. Kf1 Rd2 27. Rb1 Ke6 28. Ke1 Rd8 29. Rd1 Rxd1+ 30. Kxd1 {KB-KN} e4 (30... Nc8 $14) 31. Ke2 $16 Ke5 32. h5 Ng8 (32... f4 $16) 33. Ke3 $18 Nh6 34. f3 exf3 35. Kxf3 b6 36. Bf1 Ng4 37. Be2 Nh6 38. Ke3 Nf7 39. Bf3 Nh6 40. a4 Nf7 41. Bb7 Nh6 42. Kd3 Kd6 $2 {[#]} (42... Nf7 {is a better chance.}) 43. Kc4 {White is clearly winning.} Nf7 (43... a5 $142 44. Kb5 Kc7) 44. Kb5 Kc7 45. Ka6 Kb8 46. Bd5 Nh6 47. Be6 {Precision: White = 92%, Black = 51%.} 1-0

[Event "RUS-chT Premier League 2018"]
[Site "Sochi"]
[Date "2018.05.03"]
[Round "3"]
[White "Golubov, Saveliy"]
[Black "Popov, Ivan"]
[Result "1/2-1/2"]
[WhiteElo "2491"]
[BlackElo "2610"]
[Annotator "TA"]
[PlyCount "50"]
[EventDate "2018.??.??"]
[EventCountry "RUS"]
[SourceTitle "playchess.com"]
[Source "ChessBase"]
[SourceQuality "1"]

{[%evp 11,50,11,16,8,16,8,31,41,37,37,37,-1,-1,-8,-2,-13,-15,-16,-14,-21,-15,-12,-6,-12,0,0,0,0,0,0,0,0,0,0,0,0,0,0,0,0,0]} 1. e4 c6 2. d4 d5 3. exd5 cxd5 4. Bd3 Nc6 5. c3 Qc7 6. Ne2 Bg4 7. O-O {B13: Caro-Kann: Exchange Variation and Panov-Botvinnik Attack} e6 (7... Nf6 8. Qe1 Bxe2 9. Qxe2 g6 10. f4 Bh6 11. Nd2 O-O 12. Qf2 e6 13. Qh4 Bg7 14. Nf3 Ne7 {1-0 (49) Piorun,K (2651)-Rodshtein,M (2699) Katowice 2017}) 8. Qe1 Bxe2 9. Qxe2 {White is slightly better.} Bd6 10. Qg4 g6 ({Don't go for} 10... Bxh2+ $2 11. Kh1 $18) 11. f4 Nge7 {The position is equal.} 12. a4 $146 ({Predecessor:} 12. Nd2 Nf5 13. Nb3 a5 14. a4 Qb6 {1-0 (22) Albaric,E (2089)-Brewer,C (2015) Cardiff 2017}) 12... h5 13. Qe2 h4 14. Na3 a6 15. b4 Nf5 16. Bd2 Nce7 17. b5 {[%cal Rb5a6]} O-O 18. bxa6 bxa6 19. Nc2 Rfb8 20. Bxa6 Rb2 21. Bd3 Nc6 22. Bc1 Rb3 23. Bd2 Rb2 24. Bc1 Rb3 25. Bd2 Rb2 {Precision: White = 54%, Black = 86%.} 1/2-1/2

[Event "RUS-chT Premier League 2018"]
[Site "Sochi"]
[Date "2018.05.03"]
[Round "3"]
[White "Lobanov, Sergei"]
[Black "Fedoseev, Vladimir"]
[Result "1/2-1/2"]
[WhiteElo "2482"]
[BlackElo "2706"]
[Annotator "TA"]
[PlyCount "89"]
[EventDate "2018.??.??"]
[EventCountry "RUS"]
[SourceTitle "playchess.com"]
[Source "ChessBase"]
[SourceQuality "1"]

{[%evp 13,89,0,40,0,5,0,47,45,64,59,56,45,32,49,47,22,27,26,35,41,79,78,76,74,88,87,106,106,115,104,109,108,109,104,122,111,133,105,132,129,332,73,88,81,82,91,60,67,79,41,47,41,42,42,53,34,35,26,37,37,37,37,70,85,76,62,91,62,62,62,66,19,23,0,3,4,8,0]} 1. e4 c5 2. Nf3 d6 3. d4 cxd4 4. Nxd4 Nf6 5. Nc3 a6 6. Be2 e5 7. Nf3 {[%cal Bd4f3,Bf3d2,Bd2c4,Bc4d6,Bd6f5][%mdl 32]} b5 8. Bg5 {B92: Sicilian Najdorf: 6 Be2} Nbd7 (8... Be6 9. a4 b4 10. Bxf6 gxf6 11. Nd5 Nc6 12. Qd2 h5 13. O-O h4 14. Nxb4 Nxb4 15. Qxb4 d5 16. Qb7 dxe4 17. Qc6+ Bd7 18. Qxe4 Qc8 19. Nxe5 f5 20. Qd4 Bc5 21. Qc3 Be6 22. Nd3 {1-0 (22) Krstic,U (2367)-Milosavljevic,J (2082) Stobrec 2008}) 9. a4 bxa4 10. Nd2 $146 {White is slightly better.} ({Predecessor:} 10. Bc4 Qb6 11. Nd5 Qc5 12. Rxa4 Nxe4 13. Nc7+ Qxc7 14. Bxf7+ Kxf7 15. Qd5+ Kg6 16. Qxe4+ {1-0 (24) Pervushov,M (2158)-Dunjushkin,D Togliatti 2000}) 10... Bb7 11. O-O {[%mdl 1024] White has compensation.} h6 12. Be3 Bc6 13. Nc4 Qc7 $1 14. Qd3 Be7 $1 15. Rfd1 {[%cal Rc4d6]} O-O 16. Nxd6 Rfd8 {And now ...Nf8 would win.} 17. Nf5 $1 $36 {[%cal Rf5e7][%mdl 2048] White has strong initiative.} Bf8 18. Nd5 $1 {[%cal Rd5c7]} Bxd5 19. exd5 e4 {[#]} 20. Qc3 $1 {[%cal Rc3c7]} Qb7 21. Qc6 Qxb2 22. Bd4 ({And not} 22. Rxa4 Rdc8 $17) 22... Qb8 23. d6 ({Not} 23. Rxa4 Rc8 $17) ({Of course not} 23. Qxa4 $6 Nxd5 24. Ng3 Qf4 $11) 23... Qc8 24. Qxc8 Raxc8 25. Bxa6 Rxc2 26. Bb5 Ra8 $2 {[#]} (26... Nd5 $16 {might work better.} 27. Bxa4 Rcc8) 27. Bxa4 $2 (27. Ne7+ $1 $18 {and the rest is easy.} Bxe7 28. dxe7) 27... Rc4 $16 28. Bxd7 Rxa1 29. Rxa1 Nxd7 30. Be3 {Ra7 is the strong threat.} Rb4 31. h3 g6 32. Nxh6+ Kg7 $1 33. g4 Rb7 34. Ra4 Bxd6 35. Rxe4 Bc5 {Threatens to win with ...Bxe3.} 36. g5 {aiming for Rf4.} Bxe3 37. Rxe3 $14 {[%mdl 4096] Endgame KRN-KRN} f5 38. Re7+ Kf8 39. Rf7+ Ke8 40. Rg7 Rb1+ 41. Kg2 Ne5 42. Ra7 Nd3 43. Ng8 Ne1+ 44. Kg3 {Black should prevent Nf6+.} Rb3+ 45. Kf4 {Precision: White = 54%, Black = 64%.} 1/2-1/2

[Event "RUS-chT Premier League 2018"]
[Site "Sochi"]
[Date "2018.05.03"]
[Round "3"]
[White "Bezgodov, Alexei"]
[Black "Kamsky, Gata"]
[Result "0-1"]
[WhiteElo "2473"]
[BlackElo "2670"]
[Annotator "TA"]
[PlyCount "76"]
[EventDate "2018.??.??"]
[EventCountry "RUS"]
[SourceTitle "playchess.com"]
[Source "ChessBase"]
[SourceQuality "1"]

{[%evp 24,76,18,0,20,-19,-12,-4,32,0,25,-69,-59,-74,-64,-52,-47,-95,-79,-62,-77,-91,-72,-68,-75,-119,-133,-186,-174,-178,-127,-133,-122,-182,-164,-146,-135,-140,-148,-284,-276,-285,-291,-476,-459,-870,-867,-986,-909,-960,-935,-1396,-1204,-1197,-1182]} 1. e4 c5 2. Nf3 Nc6 3. d4 cxd4 4. Nxd4 Qb6 5. Nb3 Nf6 6. Nc3 e6 7. Qe2 Bb4 8. Bd2 O-O 9. a3 {B33: Sicilian: Pelikan and Sveshnikov Variations} (9. O-O-O d5 10. exd5 exd5 11. Be3 Qc7 12. Nb5 Qd8 13. f3 a6 14. N5d4 Re8 15. Qf2 Ne5 16. Bd2 Bd6 17. Kb1 a5 18. Bb5 a4 {½-½ (76) Amonatov,F (2620)-Korobov,A (2692) Doha 2016}) 9... Be7 10. Be3 Qc7 11. f4 d5 12. e5 Nd7 13. Nb5 {LiveBook: 4 Games} Qb8 14. c4 dxc4 15. Qxc4 a6 16. Nc3 {[#]} f6 $146 ({Predecessor:} 16... Qc7) 17. O-O-O (17. exf6 $11 Nxf6 18. Be2) 17... Kh8 $15 18. g3 ({Don't blunder} 18. Qxe6 $2 {[#]} Nb6 $1 $19 {[%mdl 512]}) 18... fxe5 19. Bg2 exf4 20. Bxf4 e5 {[%cal Be6e5,Be5e4][%mdl 32]} 21. Be3 Nf6 22. Rhf1 e4 23. Bf4 Qa7 $1 24. Rde1 Bd7 25. Kb1 (25. Bxe4 $17 {was worth a try.} Bh3 26. Rg1) 25... b5 $19 26. Qe2 b4 ({Black should try} 26... Be6 $19 27. Be3 Qd7) 27. Nxe4 $17 bxa3 {aiming for ...Qb6.} 28. Be3 (28. Ng5 $17 Rae8 29. Bd2) 28... Qb8 29. Nec5 Bg4 $36 {[%mdl 2048] Keeping White busy.} 30. Qd2 Rd8 31. Qc3 (31. Qc1 $17 Qb6 32. Qc3) 31... Nd5 $19 32. Bxd5 Rxd5 33. Na4 $2 {[#]} (33. Bh6 Ne5 34. Bc1) 33... Qb5 {Black is clearly winning.} 34. Rf7 (34. Bh6 $142 Ne5 35. Bxg7+ Kxg7 36. Rf4 Rd1+ 37. Rxd1 Bxd1 38. Nbc5) 34... Bf5+ 35. Ka1 Re5 36. Nb6 Rd8 37. Rc1 Be6 38. Rxe7 Nxe7 {Precision: White = 28%, Black = 77%.} 0-1

[Event "RUS-chT Premier League 2018"]
[Site "Sochi"]
[Date "2018.05.03"]
[Round "3"]
[White "Khanin, Semen"]
[Black "Vdovin, Maxim"]
[Result "1-0"]
[WhiteElo "2472"]
[BlackElo "2139"]
[Annotator "TA"]
[PlyCount "171"]
[EventDate "2018.??.??"]
[EventCountry "RUS"]
[SourceTitle "playchess.com"]
[Source "ChessBase"]
[SourceQuality "1"]

{[%evp 18,171,39,13,48,49,53,33,52,36,51,15,20,15,27,12,16,14,14,11,29,23,11,20,19,25,18,10,29,39,37,32,68,60,39,45,39,42,54,42,46,23,56,48,73,74,143,120,145,145,147,0,115,117,109,111,101,99,118,104,106,102,140,129,150,155,172,170,195,195,190,114,183,181,175,166,176,0,155,104,170,104,143,140,145,149,136,93,178,69,66,64,249,0,0,0,0,0,0,0,12,15,15,15,20,8,71,79,70,0,5,5,5,5,6,6,8,0,8,8,8,8,8,8,97,8,8,8,29961,29958,10725,2072,1222,1165,29973,29975,29975,29976,29975,29976,29975,29977,29975,29976,29978,29979,29980,29981,29981,29982,29982,29983,29984,29985,29985,29986]} 1. e4 e5 2. Bc4 Nf6 3. d3 Nc6 4. Nf3 Be7 5. O-O O-O 6. Re1 d6 7. a4 Be6 8. Nbd2 h6 {C55: Two Knights: 4 d3, 4 d4 exd4 5 e5 and Max Lange Attack} (8... Bxc4 9. Nxc4 Re8 10. Bd2 a5 11. h3 b6 12. c3 h6 13. Qb3 Bf8 14. Rad1 d5 15. Ne3 dxe4 16. dxe4 Nxe4 {0-1 (32) Ganguly,S (2657)-Bruzon Batista,L (2673) Saint Louis 2018}) 9. a5 a6 10. c3 {LiveBook: 17 Games} Re8 {The position is equal.} 11. Bxe6 $146 ({Predecessor:} 11. Nf1 Bf8 12. Ng3 d5 13. exd5 Bxd5 14. Qb3 {1-0 (48) Marholev,D (2325)-Juhasz,B (2183) Kecskemet 2015}) 11... fxe6 12. Nc4 Nh7 13. Qb3 Rb8 14. Ne3 Ng5 15. Nd2 Bf6 16. Ndf1 Qd7 17. Ng3 Qf7 18. Rf1 Ne7 19. f4 exf4 20. Rxf4 e5 21. Qxf7+ Kxf7 22. Rf2 Rf8 23. Nd5 Nxd5 24. Bxg5 Ne7 25. Bxf6 gxf6 26. Nh5 Kg6 27. g4 $36 {[%mdl 2048] White fights for an advantage.} Rf7 28. Raf1 {[%cal Rf2f6]} Rbf8 29. h3 c6 30. b4 d5 31. c4 d4 (31... Ng8 $142) 32. Kg2 Ng8 33. Kf3 Rb8 34. Kg2 ({Better is} 34. c5 $16) 34... b6 (34... Rbf8 $1 $11) 35. axb6 Rxb6 36. Ra1 Rxb4 37. Rxa6 Ne7 38. Ra7 Rb3 39. Rf3 Rb2+ 40. Kg3 Rb6 41. Rc7 Ra6 42. Kh4 Ng8 43. Rc8 $1 {[%cal Rc8g8]} Ne7 44. Re8 (44. Rb8 $1 $18) 44... Ra7 (44... c5 $16 {was worth a try.}) 45. Rd8 $18 c5 46. Rd6 Ng8 47. Rd8 Ne7 48. Kg3 (48. Rb8 $142) 48... Rb7 (48... Ra6 $16) 49. h4 (49. Rd6 $18) 49... Rb6 50. Ra8 Rc6 51. Rf2 Rb6 52. Ra5 Rc6 (52... Rb1 $16 {keeps fighting.}) 53. Rb2 ({White should try} 53. Kg2 $18) 53... f5 $14 54. Ra7 fxe4 $2 (54... fxg4 $1 $14 55. Kxg4 Kh7) 55. dxe4 $2 ({White has to play} 55. Rbb7 $1 $18 {[%cal Rb7e7]} Re6 56. dxe4) 55... Nc8 $1 $11 56. Rxf7 Kxf7 {[%mdl 4096] Endgame KRN-KRN} 57. Rf2+ Ke7 58. Rf5 Kd6 59. g5 hxg5 60. hxg5 Ne7 61. Rf8 Rc8 {[#]} (61... Rb6 $11) 62. Rf6+ $1 $16 Kd7 63. g6 (63. Ra6 $14) 63... Rh8 64. Kg4 d3 $1 {Black wants to play ...Nxg6!} 65. Rf3 Nxg6 66. Rxd3+ Kc6 {Threatens to win with ...Rxh5!} 67. Rf3 Nf4 68. Nxf4 $11 {KRN-KR} Rg8+ 69. Kf5 exf4 {KR-KR} 70. e5 ({Don't take} 70. Rxf4 $6 Rf8+ 71. Kg4 Rg8+ 72. Kf3 Kd6 $16) 70... Rg1 {[#]} (70... Rf8+ $11 {remains equal.} 71. Ke4 Rd8) 71. Kf6 (71. e6 $1 $16 {[%cal Re6e7]} Rg3 72. Rf1 (72. Rxf4 Kd6 $16) (72. Kxf4 Rxf3+ 73. Kxf3 Kd6 $11)) 71... Rh1 $1 72. Rxf4 {Strongly threatening Re4.} Rh6+ $2 {[%mdl 8192]} (72... Kd7 $11) 73. Ke7 Rh7+ 74. Ke6 (74. Ke8 $142 Rh8+ 75. Ke7 Rh7+ 76. Ke6) 74... Rh5 $18 75. Rf6 Rh4 76. Kf7+ {White mates.} Kc7 77. e6 Rh7+ 78. Ke8 Rh8+ 79. Rf8 Rh4 80. e7 Rxc4 81. Kf7 Rf4+ 82. Kg6 Re4 83. e8=Q Rxe8 84. Rxe8 Kd6 85. Kf5 Kd5 86. Rd8+ {Precision: White = 50%, Black = 39%.} 1-0

[Event "RUS-chT Premier League 2018"]
[Site "Sochi"]
[Date "2018.05.03"]
[Round "3"]
[White "Shinkevich, Vitaly"]
[Black "Khismatullin, Denis"]
[Result "1/2-1/2"]
[WhiteElo "2438"]
[BlackElo "2632"]
[Annotator "TA"]
[PlyCount "118"]
[EventDate "2018.??.??"]
[EventCountry "RUS"]
[SourceTitle "playchess.com"]
[Source "ChessBase"]
[SourceQuality "1"]

{[%evp 15,118,25,29,0,0,0,0,0,0,0,0,0,0,0,0,0,0,-20,-16,-12,0,-20,-16,-7,0,-3,-3,-4,-10,0,0,-7,0,0,0,-33,-30,-25,-36,-27,-25,-32,0,0,0,-60,-72,-38,-29,-83,-83,-143,-32,-45,0,-136,0,-44,0,-145,-137,-220,-9,-13,-8,-68,-67,-61,0,0,0,-86,-10,-378,-350,-347,-337,-5569,-72,-29977,0,0,0,0,0,0,8,0,0,0,0,0,0,0,0,0,0,0,0,0,0,0,0,0,0]} 1. d4 Nf6 2. c4 e6 3. Nf3 d5 4. Nc3 a6 5. cxd5 exd5 6. Bg5 {D37: Queen's Gambit Declined: 5 Bf4} Be6 7. e3 Nbd7 8. Bd3 h6 {LiveBook: 63 Games} 9. Bxf6 $146 ({Predecessor:} 9. Bh4 g5 10. Bg3 Nh5 11. Be5 Nhf6 12. Bg3 Nh5 13. Nd2 Nxg3 14. hxg3 {1-0 (46) Karjakin,S (2753)-Caruana,F (2811) Wijk aan Zee 2018}) 9... Nxf6 10. O-O Bd6 11. Ne5 O-O 12. f4 c5 13. Qf3 Re8 14. Kh1 cxd4 15. exd4 Qb6 16. Qf2 Rad8 17. Rad1 Bb4 18. h3 Bd7 19. Rfe1 Bb5 20. Bb1 {[#]} Ne4 $1 {[%mdl 512]} 21. Qf3 (21. Bxe4 dxe4) 21... Bxc3 22. bxc3 Ba4 23. Rc1 Nd2 24. Qh5 Qf6 25. f5 Bb5 26. Bc2 Nc4 {[%cal Rc4e5]} 27. a4 {aiming for Ng4.} Bc6 $1 {[%cal Rc4e5]} 28. Nxc6 Qxc6 {[#]} 29. f6 $1 {[%mdl 512]} Qxf6 {[#]} 30. Rxe8+ (30. Qxd5 $1 $11 {[%mdl 512]} Ne3 (30... Rxd5 31. Rxe8#) 31. Qf3 Qxf3 32. gxf3) 30... Rxe8 $17 31. Qxd5 Qf4 32. Rg1 (32. Ra1 $1 $11 {keeps the balance.} Qc7 33. Bf5) 32... Nd2 $1 {[%cal Rd2f1] Threatens to win with ...Nf1.} 33. Bd3 ({White should play} 33. Qd7 Kf8 34. Qf5) 33... Qe3 (33... Qg3 $1 $17 {[%cal Rg3d3]} 34. Qd7 Kf8) 34. Bg6 Qf4 (34... Rf8 $15) 35. Bd3 Qe3 (35... Qg3 $17 36. Bc2 Qxc3) 36. Bg6 $15 Qf4 $40 {[%mdl 128] Black attacks.} 37. Bd3 (37. Rd1 $11) 37... Qg3 $1 $17 {[%cal Rg3d3]} 38. Bb1 (38. Bc2 $17) 38... Qxc3 $2 ({Black should try} 38... g6 $1 $19 {White must now prevent ...Re1.} 39. Ba2 Qc7) 39. Qxb7 $11 Qc4 40. a5 (40. Qd7 $11 Rf8 41. d5) 40... g6 $15 41. Qb2 Re2 (41... Nxb1 $15 42. Rxb1 Re2) 42. Ba2 $1 $11 {[%cal Ra2c4]} Qc8 {Black wants to play ...Ne4.} 43. Qb6 (43. Rc1 $11 {remains equal.} Qe8 44. Qc2) 43... Qf5 (43... Kg7 $1 $17 {Strongly threatening ...Nf3!} 44. Qa7 Qf5) 44. Qxa6 $2 {[%mdl 8192]} (44. Rc1 $1 $11 {and White has nothing to worry.}) 44... Nf1 $1 $19 45. Bxf7+ ({But not} 45. Qa8+ $2 Kh7 $19) 45... Qxf7 46. Qd3 $2 {[#]} (46. Qd6 Re6 47. Qd5) 46... Re1 $2 (46... Kh7 $1 $19 {[%mdl 512] ( -> ...Qf4!)} 47. Qxe2 Ng3+ 48. Kh2 Nxe2) 47. a6 $2 {[%mdl 8192] [#]} (47. Qf3 $17) 47... Kh7 $2 (47... Qf4 $1 {mates} 48. Qxf1 Rxf1 49. d5 Rxg1+ 50. Kxg1 Qd4+ 51. Kh2 Qxd5 52. Kg1 Qa2 53. Kf1 Qxa6+ 54. Ke1 Qe6+ 55. Kf2 h5 56. h4 Qg4 57. Kf1 Qxh4 58. Ke2 Qg4+ 59. Kf2 h4 60. Ke3 Qxg2 61. Kd3 h3 62. Kd4 h2 63. Kc4 h1=Q 64. Kc5 Qc6+ 65. Kb4 Qb1+ 66. Ka5 Qe1#) 48. Qf3 $11 {The position is equal.} Qxf3 49. gxf3 {[%mdl 4096] Endgame KRN-KR} Ra1 50. a7 Kg7 51. a8=Q (51. Kg2 {seems wilder.} Rxa7 52. Rxf1 Ra2+ 53. Rf2 Ra4 54. Rd2) 51... Rxa8 52. Rxf1 {KR-KR} Ra2 53. Rd1 Kf6 54. d5 Ke5 55. d6 Ra8 56. d7 Rd8 57. Kg2 Ke6 58. Re1+ Kf6 59. Rd1 Ke6 {Precision: White = 48%, Black = 56%.} 1/2-1/2

[Event "RUS-chT Premier League 2018"]
[Site "Sochi"]
[Date "2018.05.03"]
[Round "3"]
[White "Drygalov, Sergey"]
[Black "Iljin, Artem"]
[Result "1/2-1/2"]
[WhiteElo "2421"]
[BlackElo "2528"]
[Annotator "TA"]
[PlyCount "58"]
[EventDate "2018.??.??"]
[EventCountry "RUS"]
[SourceTitle "playchess.com"]
[Source "ChessBase"]
[SourceQuality "1"]

{[%evp 13,58,4,4,4,6,6,12,8,16,10,6,8,21,0,0,-12,-12,-14,-17,-15,-11,-41,-14,-16,-14,-16,-15,-11,-10,-14,0,0,0,0,0,-145,-144,-129,-129,-129,-121,-112,0,0,0,-74,0]} 1. d4 Nf6 2. c4 e6 3. Nf3 d5 4. Nc3 Be7 5. Bf4 O-O 6. e3 Nbd7 7. cxd5 Nxd5 8. Nxd5 {D37: Queen's Gambit Declined: 5 Bf4} exd5 9. Bd3 {next Qc2 is good for White.} c6 (9... Bb4+ 10. Ke2 Nf6 11. h3 Re8 12. Qc2 Bd6 13. Bxd6 Qxd6 14. Rac1 c6 15. Ne5 g6 {1-0 (54) Bu,X (2725)-Bacrot,E (2718) Liaocheng 2018}) 10. O-O {The position is equal.} Re8 11. Rb1 a5 12. h3 $146 ({Predecessor:} 12. Qc2 g6 13. a3 a4 14. Ne5 Nxe5 15. Bxe5 Bd6 16. Bxd6 Qxd6 {0-1 (66) Chernyshov,K (2552)-Oparin,G (2356) Pardubice 2011}) 12... g6 13. Bc2 Nf6 14. Nd2 Nh5 15. Be5 Ng7 16. a3 Nf5 17. b4 axb4 18. axb4 Nd6 19. Bxd6 Bxd6 20. b5 Qh4 {With the idea ...Bxh3!} 21. Nf3 Qh5 (21... Qf6 {is more complex.} 22. bxc6 bxc6 23. Re1 Ra7 24. e4 dxe4 25. Rxe4 Rxe4 26. Bxe4 Bf5) 22. bxc6 bxc6 23. Rb6 Bxh3 24. Rxc6 (24. gxh3 $11 Qxh3 25. Rxc6) 24... Bxg2 (24... Qg4 25. Ne1 $15) 25. Kxg2 Qg4+ 26. Kh1 Qh3+ {[%mdl 1024] Black has strong compensation.} 27. Kg1 {[#]} Qg4+ ({Better is} 27... Ra1 $1 $17 28. Rxd6 (28. Qxa1 Qg4+ 29. Kh1 Qxf3+ 30. Kg1 Qg4+ 31. Kh1 Qh3+ 32. Kg1 Qh2#) 28... Re4 29. Bxe4 (29. Rd8+ $2 Kg7 $19) 29... Qg4+ 30. Kh1 Rxd1 31. Rxd1 dxe4) 28. Kh1 $11 Qh3+ (28... Ra1 $11 29. Nh2 (29. Qxa1 Qxf3+ 30. Kg1 Qg4+ 31. Kh1 Qh3+ 32. Kg1 Qh2#) 29... Rxd1 30. Nxg4 Rxf1+ 31. Kg2 Rc1 32. Nf6+ Kf8 33. Nxe8 Kxe8) 29. Kg1 $17 {[#]} Qg4+ {Precision: White = 39%, Black = 79%.} (29... Ra1 $1 $17 30. Rxd6 (30. Qxa1 {is a self mate.} Qg4+ 31. Kh1 Qxf3+ 32. Kg1 Qg4+ 33. Kh1 Qh3+ 34. Kg1 Qh2#) 30... Re4 31. Bxe4 (31. Rd8+ $2 Kg7 $19) 31... Qg4+ 32. Kh2 Rxd1 33. Rxd1 dxe4) 1/2-1/2

[Event "RUS-chT Premier League 2018"]
[Site "Sochi"]
[Date "2018.05.03"]
[Round "3"]
[White "Ofitserian, Boris"]
[Black "Lysyj, Igor"]
[Result "0-1"]
[WhiteElo "2414"]
[BlackElo "2630"]
[Annotator "TA"]
[PlyCount "80"]
[EventDate "2018.??.??"]
[EventCountry "RUS"]
[SourceTitle "playchess.com"]
[Source "ChessBase"]
[SourceQuality "1"]

{[%evp 17,80,0,0,0,4,-9,8,0,12,9,4,10,4,-15,-12,-4,-8,-98,-76,-97,-70,-97,-93,-81,-75,-75,-67,-279,-276,-315,-322,-304,-317,-313,-293,-293,-284,-411,-443,-441,-436,-416,-416,-466,-464,-518,-525,-510,-489,-668,-665,-666,-665,-664,-665,-636,-605,-563,-556,-649,-612,-964,-802,-681,-453]} 1. d4 d5 2. Bf4 Nf6 3. e3 c5 4. c3 Nc6 5. Nd2 Bf5 6. Ngf3 e6 7. h3 {D00: 1 d4 d5: Unusual lines} (7. Be2 Bd6 8. dxc5 Bxc5 9. Nd4 Bg6 10. Qa4 O-O 11. Nxc6 bxc6 12. Qxc6 Rc8 13. Qa4 Re8 14. O-O e5 {0-1 (57) Le,Q (2737)-Ding,L (2777) Riadh 2017}) 7... cxd4 8. exd4 Bd6 9. Bxd6 Qxd6 {LiveBook: 3 Games} 10. Bb5 O-O 11. Qe2 $146 ({Predecessor:} 11. O-O a6 12. Ba4 Bg6 {½-½ (51) Solberg,J (2219)-Hector,J (2514) Oslo 2016}) 11... Nd7 12. Nh4 Bg6 13. Nxg6 hxg6 14. O-O a6 15. Ba4 b5 16. Bc2 b4 17. f4 (17. Rfd1 $11 {remains equal.}) 17... Rfc8 $36 {[%mdl 2048] aiming for ...bxc3. Keeping White busy.} 18. Qd3 Ne7 19. g4 bxc3 20. bxc3 Rab8 21. Rf3 Qa3 22. h4 $2 (22. Bb3 $15) 22... Nf6 $19 23. g5 {[#]} Ne4 $1 {[%mdl 512]} 24. Nxe4 dxe4 25. Qxe4 Rxc3 26. Raf1 Nf5 27. Bb3 (27. Rxc3 $142 Qxc3 28. Qd3) 27... Rxf3 ({Not} 27... Rbxb3 28. axb3 Qxb3 29. Qc6 $15) 28. Rxf3 Qc1+ 29. Kh2 Qb2+ 30. Kg1 Rc8 {[#] ( -> ...Rc1+). Black is clearly winning.} 31. Rd3 Rc1+ 32. Bd1 Qxa2 33. d5 Qc2 34. Qf3 Ne3 35. Qxe3 {And now Qf3 would win.} Rxd1+ 36. Rxd1 Qxd1+ {KQ-KQ} 37. Kf2 Qxd5 38. Qa7 a5 39. Qb8+ Kh7 40. Qa7 Qf5 {Precision: White = 25%, Black = 74%.} 0-1

[Event "RUS-chT Premier League 2018"]
[Site "Sochi"]
[Date "2018.05.03"]
[Round "3"]
[White "Skatchkov, Valery"]
[Black "Maletin, Pavel"]
[Result "0-1"]
[WhiteElo "2351"]
[BlackElo "2572"]
[Annotator "TA"]
[PlyCount "46"]
[EventDate "2018.??.??"]
[EventCountry "RUS"]
[SourceTitle "playchess.com"]
[Source "ChessBase"]
[SourceQuality "1"]

{[%evp 20,46,35,-8,0,0,2,0,0,-53,-42,-51,-25,-274,-259,-493,-474,-514,-479,-616,-616,-578,134,-592,-598,-946,-781,-1951,-1243]} 1. d4 d5 2. c4 c6 3. Nc3 Nf6 4. Nf3 e6 5. e3 Nbd7 6. Qc2 Bd6 7. Bd3 O-O 8. O-O dxc4 9. Bxc4 Qe7 10. h3 e5 11. Rd1 {LiveBook: 66 Games} Bc7 {D46: Semi-Slav: 5 e3 Nbd7 6 Bd3, Black avoids the Meran} 12. b3 $146 ({Predecessor:} 12. Bb3 h6 13. Nh4 Rd8 14. Nf5 Qf8 15. Bd2 Nb6 16. dxe5 Bxe5 17. Be1 Re8 18. Nd4 Bxd4 19. Rxd4 {1-0 (82) Lupulescu,C (2614)-Dastan,B (2371) Skopje 2013}) 12... e4 13. Ng5 b5 {The position is equal.} 14. Be2 ({White should play} 14. Bxf7+ $11 Rxf7 15. Nxf7) 14... Re8 $1 $15 15. f3 Qd6 {( -> ...Qh2+)} 16. Ncxe4 $2 (16. f4 $11 {and White is okay.}) 16... Qh2+ $40 {[%mdl 128] Black goes for the king.} 17. Kf2 $2 (17. Kf1 h6 18. Qxc6) 17... Nxe4+ 18. Nxe4 {[#]} Rxe4 $1 {[%mdl 512]} 19. fxe4 (19. Qxe4 Bg3+) 19... Bg3+ 20. Kf3 {[#] Rh1 is the strong threat.} Ne5+ $1 {[%mdl 512]} 21. dxe5 {[%cal Rd1d8]} Bxh3 $1 {[%csl Gh3][%cal Rh2g2] Black is clearly winning.} 22. Bc4 {aiming for Rh1.} h5 {[%csl Gh5][%cal Rh3g4]} 23. Ke2 Qxg2+ {Precision: White = 36%, Black = 79%.} 0-1